| 000 | 00361nam a22001217a 4500 | ||
|---|---|---|---|
| 999 |
_c10282 _d10282 |
||
| 003 | OSt | ||
| 008 | 201218b ||||| |||| 00| 0 eng d | ||
| 245 | _aHarvard Business Review | ||
| 250 | _a2016(Sep, Oct, Nov, Dec) 2016-17(Aug-Jan) | ||
| 260 |
_aNewcastle Gatehead, U.K. _bHarvard Business School Publication Pvt. Ltd. |
||
| 650 | _aManagement | ||
| 942 |
_2ddc _cBV |
||